Liberec Economic Forum 2023 Proceedings of the 16th International Conference, 5th - 6th September 2023, (Liberec, Czech Republic, EU)

Salvato in:
Dettagli Bibliografici
Enti autori: Liberec Economic Forum 2023. International Conference, Technická univerzita v Liberci. Ekonomická fakulta
Altri autori: Vrabcová, Pavla
Natura: Libro
Lingua:inglese
Pubblicazione: Liberec Technical University of Liberec 2023
Edizione:1st Edition
Soggetti:
Tags: Aggiungi Tag
Nessun Tag, puoi essere il primo ad aggiungerne!!

MARC

LEADER 00000nlm a2200000 4500
001 0296568
005 20231009100800.8
020 |a 978-80-7494-672-1 
041 0 |a eng 
044 |a CZ 
245 1 0 |a Liberec Economic Forum 2023  |b Proceedings of the 16th International Conference, 5th - 6th September 2023, (Liberec, Czech Republic, EU)  |c Editor: Pavla Vrabcová 
250 |a 1st Edition 
264 1 |a Liberec  |b Technical University of Liberec  |c 2023 
300 |a 605 s. 
610 2 0 |a podnikanie 
610 2 0 |a inovácia 
610 2 0 |a manažment 
610 2 0 |a marketing 
610 2 0 |a konkurencieschopnosť 
610 2 0 |a zdroje ľudské 
610 2 0 |a rozvoj trvalo udržateľný 
610 2 0 |a udržateľnosť 
700 1 |a Vrabcová, Pavla 
110 2 |a Liberec Economic Forum 2023. International Conference 
710 2 |a Technická univerzita v Liberci. Ekonomická fakulta